| 000 | 01336cam a2200217 4500 | ||
|---|---|---|---|
| 001 | WB3740-22 | ||
| 008 | 011025n2001 000 0 eng u | ||
| 035 | _a(Sirsi) u115304 | ||
| 245 | _aBuilders attack landmark ruling | ||
| 260 | _c2001 | ||
| 490 |
_aRICS Residential Faculty News _v 22 October 2001, (1) |
||
| 520 | _aRepresentatives from the house building industry including the National Housing Federation have attacked the landmark High Court Decision "Barnet LBC v SoS Environment and McCarthy & Stone (Developments) Ltd"QBD 23 August 2001 which quashed the planning inspectorαs decision that a sheltered housing development site would not be economically viable if the developer was required to include affordable housing on the grounds that the evidence before him showed that the inclusion of affordable housing was viable. Full copy of judgment available on the Court Service web site: http://porch.ccta.gov.uk/courtser/judgements.nsf/Search/F764A267FA7B103080256AB7003FF619?OpenDocument | ||
| 590 | _aWB | ||
| 650 | _aBARNET LBC V SOS ENVIRONMENT AND MCCARTHY & STONE (DEVELOPMENTS) | ||
| 650 | _aHOUSE BUILDING INDUSTRY | ||
| 650 | _aDEVELOPMENT PLANS | ||
| 650 | _aSOCIAL HOUSING | ||
| 650 |
_aAffordable housing _96215 |
||
| 690 | _aENVIRONMENTAL AND LAND CONSULTANCY-PLANNING AND DEVELOPMENT | ||
| 942 | _n0 | ||
| 999 |
_c68668 _d68668 |
||